Hotel sector remains strong (Record no. 69532)
[ view plain ]
| 000 -LEADER | |
|---|---|
| fixed length control field | 00908cam a2200205 4500 |
| 001 - CONTROL NUMBER | |
| control field | WB3806-12 |
| 008 - FIXED-LENGTH DATA ELEMENTS--GENERAL INFORMATION | |
| fixed length control field | 020214n2002 000 0 eng u |
| 035 ## - SYSTEM CONTROL NUMBER | |
| System control number | (Sirsi) u116729 |
| 245 ## - TITLE STATEMENT | |
| Title | Hotel sector remains strong |
| 260 ## - PUBLICATION, DISTRIBUTION, ETC. | |
| Date of publication, distribution, etc. | 2002 |
| 490 ## - SERIES STATEMENT | |
| Series statement | Christie & Co Press Release |
| Volume/sequential designation | 8 February 2002, (2) |
| 520 ## - SUMMARY, ETC. | |
| Summary, etc. | The hotel market remains steady in terms of supply and demand with hotel values rising 5.1% in 2001, according to Christie & Co. The property agents report that the US terrorist attacks have created a two-tier hotel market with corporate operators hit by the fall in tourists and business travellers while the independent sector is pushed by a buoyant residential property market. |
| 590 ## - LOCAL NOTE (RLIN) | |
| Local note | WB |
| 650 ## - SUBJECT ADDED ENTRY--TOPICAL TERM | |
| Topical term or geographic name entry element | TERRORISM |
| 650 ## - SUBJECT ADDED ENTRY--TOPICAL TERM | |
| Topical term or geographic name entry element | CHRISTIE & CO |
| 650 ## - SUBJECT ADDED ENTRY--TOPICAL TERM | |
| Topical term or geographic name entry element | HOTEL MARKET |
| 650 ## - SUBJECT ADDED ENTRY--TOPICAL TERM | |
| Topical term or geographic name entry element | HOTELS |
| 690 ## - LOCAL SUBJECT ADDED ENTRY--TOPICAL TERM (OCLC, RLIN) | |
| Topical term or geographic name as entry element | PROPERTY-COMMERCIAL PROPERTY-COMMERCIAL PROPERTY MARKET |
| 942 ## - ADDED ENTRY ELEMENTS (KOHA) | |
| Suppress in OPAC | 0 |
| Withdrawn status | Lost status | Source of classification or shelving scheme | Damaged status | Not for loan | Home library | Current library | Shelving location | Date acquired | Total Checkouts | Full call number | Barcode | Date last seen | Copy number | Price effective from | Koha item type |
|---|---|---|---|---|---|---|---|---|---|---|---|---|---|---|---|
| Dewey Decimal Classification | London | London | News article | 14/02/2002 | WB3806-12 | 116729-1001 | 06/08/2019 | 1 | 06/08/2019 | News article |